Catalog

Record Details

Catalog Search



Vyvolení  Cover Image Book Book

Vyvolení / Steve Sem-Sandberg ; přeložila Dagmar Hartlová

Record details

  • ISBN: 978-80-7432-595-3
  • Physical Description: 501 stran ; 21 cm
  • Edition: Vydání první
  • Publisher: Praha ; Paseka, 2015

Content descriptions

General Note:
Přeloženo ze švédštiny
Genre: švédské romány
Swedish fiction

Available copies

  • 1 of 1 copy available at Common Catalog SPOK.

Holds

  • 0 current holds with 1 total copy.
Show Only Available Copies
Location Call Number / Copy Notes Barcode Shelving Location Status Due Date
The Jewish community of Prague K 3137 4638300219 K - Beletrie Available -

Electronic resources

Version of Resource: Digitalizovaný dokument


LDR 01297nam a2200385 i 4500
00152338
003CZ-PrJAB
00520180228235009.0
007ta
008150421s2015 xr g 000 f cze
015 . ‡acnb002694920
020 . ‡a978-80-7432-595-3 ‡q(vázáno)
035 . ‡a(CZ PrNK)nkc20152694920
035 . ‡a(OCoLC)913564087
040 . ‡aOLA001 ‡bcze ‡erda
0411 . ‡acze ‡hswe
072 7. ‡a821.11 ‡xGermánské literatury ‡2Konspekt ‡925
080 . ‡a821.113.6-31 ‡2MRF
080 . ‡a(0:82-31) ‡2MRF
1001 . ‡aSem-Sandberg, Steve, ‡d1958- ‡7jo2011639726 ‡4aut
24010. ‡aUtvalda. ‡lČesky
24510. ‡aVyvolení / ‡cSteve Sem-Sandberg ; přeložila Dagmar Hartlová
250 . ‡aVydání první
264 1. ‡aPraha ; ‡aLitomyšl : ‡bPaseka, ‡c2015
300 . ‡a501 stran ; ‡c21 cm
336 . ‡atext ‡btxt ‡2rdacontent
337 . ‡abez média ‡bn ‡2rdamedia
338 . ‡asvazek ‡bnc ‡2rdacarrier
500 . ‡aPřeloženo ze švédštiny
655 7. ‡ašvédské romány ‡7fd133923 ‡2czenas
655 9. ‡aSwedish fiction ‡2eczenas
7001 . ‡aHartlová, Dagmar, ‡d1951- ‡7jk01040050 ‡4trl
85641. ‡uhttp://krameriusndk.nkp.cz/search/handle/uuid:e828f5b0-f604-11e7-8226-005056827e52 ‡yDigitalizovaný dokument
910 . ‡aABE461
995 . ‡aska
901 . ‡a52338 ‡bAUTOGEN ‡c52338 ‡tbiblio

Additional Resources